| 000 | 00784cam a2200277 4500 | ||
|---|---|---|---|
| 008 | 000000n2001 000 0 eng u | ||
| 020 | _a0852723857 | ||
| 035 | _a(Sirsi) u108483 | ||
| 041 | _aeng | ||
| 050 | _a338.20212 | ||
| 110 |
_aBritish Geological Survey _91581 |
||
| 245 | _aUnited Kingdom minerals yearbook 2000 | ||
| 260 |
_aKeyworth, Nottingham _bBritish Geological Survey _c2001 |
||
| 300 | _avi [ca.100p]. ; 30cm. | ||
| 350 | _a35.00 | ||
| 650 | _aMINERALS STATISTICS | ||
| 650 | _aCONSTRUCTION MINERALS | ||
| 650 | _aAGGREGATES | ||
| 650 | _aSTATISTICS | ||
| 690 | _aMINING AND MINERALS | ||
| 700 |
_aChapman, G. R. _xeditor |
||
| 700 |
_aColman, T. B. _xeditor |
||
| 700 |
_aGatliff, R. W. _xeditor |
||
| 700 |
_aHighley, D. E. _xeditor |
||
| 942 | _n0 | ||
| 999 |
_c100800 _d100800 |
||